00684nam a2200181 a 450000500170000000800410001702000180005805000190007610000200009524501090011526000520022430000170027644000250029365000240031865000300034299900190037295201110039120140412111242.0010727s19uu xx 00 eng d a983-878-934-8 aERbAl315 1996 aBraybrooks, Ann aAladdin: the cave of wonders /cadapted by Ann Braybrooks ; illustrated by Phil Ortiz and Darrell Baker. aMalaysia :bPenerbitan Pelangi Sdn. Bhd,c1996. a32 p. ; ill. aPelangi Young Reader aAdventuresxFiction aChildren storiesxFiction c102763d102763 00104050aELbELcERd2001-07-27eDonationl0oER Al315 1996pE2701r2014-04-12 00:00:00w2014-04-12yBK